[Event "BL 1112 SV Mülheim Nord - SF Katernberg"]
[Site "Mülheim"]
[Date "2011.10.14"]
[Round "1.2"]
[White "Potkin, Vladimir"]
[Black "Bischoff, Klaus"]
[Result "1-0"]
[WhiteElo "2671"]
[BlackElo "2547"]
[PlyCount "75"]
[EventDate "2011.10.14"]

1. d4 d5 2. c4 dxc4 3. e4 Nf6 4. e5 Nd5 5. Bxc4 Nb6 6. Bd3 Nc6 7. Be3 Nb4 8.
Be4 N4d5 9. Nc3 c6 10. Nf3 h6 11. O-O Be6 12. Nd2 Qd7 13. a4 a5 14. Nb3 Bg4 15.
Bf3 Bxf3 16. Qxf3 e6 17. Ne4 Bb4 18. Nbc5 Qe7 19. Nd6+ Kf8 20. Ncxb7 Nc8 21.
Qg3 Nxd6 22. Nxd6 Bxd6 23. exd6 Qd7 24. Rfc1 f6 25. Rc5 Kf7 26. Rac1 Ra6 27.
Bd2 Rha8 28. h4 Kf8 29. h5 R8a7 30. Re1 Ra8 31. Re4 Qf7 32. Rg4 f5 33. Rg6 Nf6
34. Qf3 Rb8 35. Rxc6 Rxc6 36. Qxc6 Rxb2 37. Qc8+ Qe8 38. Rxf6+ 1-0

[Event "BL 1112 SV Mülheim Nord - SF Katernberg"]
[Site "Mülheim"]
[Date "2011.10.14"]
[Round "1.3"]
[White "Chuchelov, Vladimir"]
[Black "Grachev, Boris"]
[Result "1/2-1/2"]
[WhiteElo "2538"]
[BlackElo "2682"]
[PlyCount "97"]
[EventDate "2011.10.14"]

1. Nf3 d5 2. d4 Nf6 3. c4 e6 4. Nc3 Be7 5. Bg5 h6 6. Bh4 O-O 7. e3 b6 8. Be2
dxc4 9. Bxc4 Bb7 10. O-O Nbd7 11. Qe2 a6 12. Rad1 b5 13. Bd3 Nd5 14. Bg3 c5 15.
Nxd5 Bxd5 16. dxc5 Nxc5 17. Bb1 Qe8 18. Ne5 f5 19. f3 Qh5 20. Qe1 a5 21. h3 b4
22. Rd2 Bb7 23. Bf4 Ba6 24. Rff2 Qe8 25. Bg3 Bg5 26. Rd1 Qb5 27. Rfd2 Rad8 28.
Kh2 Rxd2 29. Rxd2 Rd8 30. Rxd8+ Bxd8 31. e4 fxe4 32. Bxe4 Qe2 33. Qxe2 Bxe2 34.
Bc2 Bb5 35. Bf2 Bc7 36. f4 Nd7 37. Bd4 g5 38. Nxd7 Bxd7 39. Be5 Bxe5 40. fxe5
Bc6 41. g3 Kf7 42. Kg1 Bd5 43. a3 bxa3 44. bxa3 Ke7 45. Ba4 Kd8 46. Kf2 Kc7 47.
Ke3 Kb6 48. Kd4 Ba2 49. h4 1/2-1/2

[Event "BL 1112 SV Mülheim Nord - SF Katernberg"]
[Site "Mülheim"]
[Date "2011.10.14"]
[Round "1.4"]
[White "Fridman, Daniel"]
[Black "Firman, Nazar"]
[Result "0-1"]
[WhiteElo "2652"]
[BlackElo "2517"]
[PlyCount "84"]
[EventDate "2011.10.14"]

1. Nf3 Nf6 2. g3 b6 3. Bg2 Bb7 4. O-O c5 5. d3 d6 6. e4 Nbd7 7. Ng5 h6 8. Nh3
c4 9. Nc3 cxd3 10. cxd3 e5 11. f4 Be7 12. g4 exf4 13. Nxf4 b5 14. Be3 b4 15.
Nb5 O-O 16. h3 Ne5 17. Qb3 a5 18. d4 a4 19. Qxb4 Qb6 20. dxe5 Qxe3+ 21. Kh2
dxe5 22. Qxe7 exf4 23. Nd6 Bc8 24. Rf3 Qd2 25. Raf1 Bxg4 26. hxg4 Nxg4+ 27. Kh3
Ra6 28. Nc4 Qe2 29. Rxf4 Rg6 30. Rxf7 Nf6 31. Qxf8+ Kh7 32. Rxg7+ Rxg7 33.
Qxg7+ Kxg7 34. e5 Nd5 35. b3 axb3 36. axb3 Qh5+ 37. Kg3 Qg5+ 38. Kf2 Qh4+ 39.
Kg1 Qd4+ 40. Kh2 Qh4+ 41. Kg1 Nf4 42. Ne3 Ne2# 0-1

[Event "BL 1112 SV Mülheim Nord - SF Katernberg"]
[Site "Mülheim"]
[Date "2011.10.14"]
[Round "1.5"]
[White "Siebrecht, Sebastian"]
[Black "Landa, Konstantin"]
[Result "1/2-1/2"]
[WhiteElo "2471"]
[BlackElo "2639"]
[PlyCount "109"]
[EventDate "2011.10.14"]

1. c4 e5 2. g3 c6 3. d4 e4 4. Nc3 d5 5. Bg2 Be6 6. cxd5 cxd5 7. Nh3 Nc6 8. O-O
Bb4 9. Nf4 Nf6 10. Nxe6 fxe6 11. f3 O-O 12. Bg5 exf3 13. exf3 Qb6 14. Be3 e5
15. Na4 Qb5 16. dxe5 Nxe5 17. a3 Nc4 18. Bd4 Bd2 19. Rf2 Be3 20. Bxe3 Nxe3 21.
Qd4 Nxg2 22. Kxg2 Rfc8 23. Nc3 Qb3 24. Rd1 Rc4 25. Qd3 Rd8 26. Rfd2 Rc6 27.
Nxd5 Qxd5 28. Qxd5+ Nxd5 29. Rxd5 Rc2+ 30. Kh3 Rxd5 31. Rxd5 Rxb2 32. Rd7 a5
33. a4 b6 34. Rb7 h5 35. g4 Rb3 36. Kh4 hxg4 37. Kxg4 Kh7 38. f4 Rb4 39. Kg5
Rxa4 40. Rxb6 Ra1 41. f5 a4 42. f6 Rg1+ 43. Kh4 gxf6 44. Rxf6 Rg6 45. Rf7+ Rg7
46. Rf3 Kg6 47. Ra3 Ra7 48. Kg4 Kf6 49. Kf4 Ke6 50. Ke4 Rh7 51. Kd4 Rxh2 52.
Kc4 Kd6 53. Rxa4 Rh4+ 54. Kb3 Rxa4 55. Kxa4 1/2-1/2

[Event "BL 1112 SV Mülheim Nord - SF Katernberg"]
[Site "Mülheim"]
[Date "2011.10.14"]
[Round "1.6"]
[White "Golod, Vitali"]
[Black "Zaragatski, Ilja"]
[Result "1-0"]
[WhiteElo "2579"]
[BlackElo "2474"]
[PlyCount "83"]
[EventDate "2011.10.14"]

1. d4 Nf6 2. Nf3 c5 3. d5 b5 4. Bg5 g6 5. Bxf6 exf6 6. e4 a6 7. a4 bxa4 8. Nbd2
Bg7 9. c3 O-O 10. Bd3 d6 11. O-O Nd7 12. Qxa4 Nb6 13. Qa5 Bh6 14. Ra3 Bg4 15.
h3 Bxf3 16. Nxf3 Re8 17. Rfa1 f5 18. exf5 Nxd5 19. Qxd8 Raxd8 20. Rxa6 Nf4 21.
Bb5 Re7 22. Ra8 Rxa8 23. Rxa8+ Kg7 24. Ra6 gxf5 25. Rxd6 Ne6 26. Nh4 Kf6 27.
Rd5 Rb7 28. Rxf5+ Kg7 29. Bc4 Rxb2 30. Bxe6 fxe6 31. Rxc5 Kf6 32. g3 Bf8 33.
Rc6 Rc2 34. Nf3 Rc1+ 35. Kg2 Bb4 36. Nd4 Rxc3 37. Rxe6+ Kf7 38. Rh6 Bc5 39.
Rxh7+ Kg6 40. Rh4 Rc4 41. Rg4+ Kf6 42. Nb3 1-0

[Event "BL 1112 SV Mülheim Nord - SF Katernberg"]
[Site "Mülheim"]
[Date "2011.10.14"]
[Round "1.7"]
[White "Kotainy, Jens"]
[Black "Berelowitsch, Alexander"]
[Result "1/2-1/2"]
[WhiteElo "2406"]
[BlackElo "2563"]
[PlyCount "79"]
[EventDate "2011.10.14"]

1. e4 e6 2. d4 d5 3. Nc3 Nf6 4. Bg5 dxe4 5. Nxe4 Nbd7 6. Nf3 h6 7. Nxf6+ Nxf6
8. Bh4 c5 9. dxc5 Qxd1+ 10. Rxd1 Bxc5 11. Bb5+ Ke7 12. Ne5 g5 13. Bg3 Rg8 14.
Be2 h5 15. h4 g4 16. Nd3 Bb6 17. Be5 Bd7 18. c4 Rac8 19. c5 Bc7 20. b4 Nd5 21.
a3 Bb5 22. Bb2 Rcd8 23. g3 a5 24. Nf4 Bxe2 25. Nxd5+ Rxd5 26. Kxe2 Rgd8 27.
Rxd5 Rxd5 28. Rc1 axb4 29. axb4 Kd7 30. b5 Ba5 31. Bc3 Bd8 32. Bd2 Be7 33. Be3
e5 34. Rc4 f5 35. c6+ Kc8 36. b6 Bd6 37. cxb7+ Kxb7 38. Ra4 Bc5 39. Ra7+ Kxb6
40. Rh7 1/2-1/2

[Event "BL 1112 OSG Baden Baden - SG Turm Trier"]
[Site "Mülheim"]
[Date "2011.10.14"]
[Round "1.7"]
[White "Kolbus, Dietmar"]
[Black "Kasimdzhanov, Rustam"]
[Result "0-1"]
[WhiteElo "2325"]
[BlackElo "2678"]
[PlyCount "182"]
[EventDate "2011.10.14"]

1. c4 Nf6 2. Nc3 c5 3. Nf3 e6 4. g3 b6 5. Bg2 Bb7 6. O-O Be7 7. d4 cxd4 8. Qxd4
Nc6 9. Qf4 Qb8 10. Rd1 O-O 11. Qxb8 Raxb8 12. b3 Rfd8 13. Bb2 a6 14. Rac1 Ba8
15. Nd4 Nxd4 16. Rxd4 Bxg2 17. Kxg2 b5 18. Ne4 d5 19. cxd5 Nxd5 20. Rd3 Rdc8
21. Rxc8+ Rxc8 22. Nc3 Nb4 23. Rd2 f5 24. f4 g5 25. a3 Nc6 26. b4 gxf4 27. gxf4
Rd8 28. Rxd8+ Bxd8 29. Nd1 a5 30. bxa5 Nxa5 31. Bc3 Nc4 32. Bb4 Bf6 33. Kf3 Kf7
34. Ne3 Nb6 35. Bc5 Na4 36. Bb4 Nb6 37. Bc5 Nd7 38. Bb4 Nb8 39. Nc2 Nc6 40. Bc5
Bb2 41. Ne1 e5 42. fxe5 Nxe5+ 43. Kf4 Ke6 44. Nc2 Nc4 45. h3 Bg7 46. Kf3 Kd5
47. Be7 Ne5+ 48. Kf2 Ke4 49. Bd6 Nc4 50. Bc5 f4 51. Bb4 Bf6 52. Bc5 Bb2 53. Bb4
Bc1 54. Bc5 Ne5 55. Bd6 Nc6 56. Ke1 Na5 57. Bb4 Nc4 58. Kf2 Bb2 59. Bc5 h5 60.
Bb4 Ne3 61. Nxe3 Bd4 62. Be7 Bxe3+ 63. Kg2 Bd4 64. Bb4 Ke3 65. Kf1 f3 66. exf3
Kxf3 67. Bd6 Bf2 68. Be7 Bg3 69. Bc5 Be5 70. Be7 Kg3 71. h4 Kg4 72. Kg2 Bg3 73.
Bb4 Bxh4 74. Bd6 Be1 75. Bf8 Bg3 76. Be7 h4 77. Bb4 h3+ 78. Kh1 Kf5 79. Kg1 Ke6
80. Kh1 Bd6 81. Bd2 Kd5 82. Be1 Kc4 83. Bd2 Kb3 84. Be1 Kxa3 85. Bd2 Kb3 86.
Be1 Kc4 87. Bd2 Be5 88. Kg1 Bc3 89. Bc1 b4 90. Kh2 Kd3 91. Kxh3 Kc2 0-1

[Event "BL 1112 Hamburger SK - Schachfr. Berlin"]
[Site "Mülheim"]
[Date "2011.10.14"]
[Round "1.1"]
[White "Melkumyan, Hrant"]
[Black "Kempinski, Robert"]
[Result "1/2-1/2"]
[WhiteElo "2619"]
[BlackElo "2604"]
[PlyCount "127"]
[EventDate "2011.10.14"]

1. d4 d5 2. c4 c6 3. Nc3 Nf6 4. e3 g6 5. Nf3 Bg7 6. Be2 O-O 7. O-O a6 8. a4 a5
9. cxd5 cxd5 10. Qb3 Nc6 11. Bd2 Rb8 12. Rac1 Bg4 13. h3 Bxf3 14. Bxf3 e6 15.
Ne2 Nd7 16. Nf4 Qb6 17. Qxb6 Nxb6 18. b3 Rfc8 19. Nd3 Bf8 20. Be2 Nd7 21. g4
Ba3 22. Ra1 Bd6 23. Rfc1 g5 24. Kg2 h6 25. f3 Kf8 26. Be1 Ke7 27. h4 Nb4 28.
Nxb4 Bxb4 29. Bxb4+ axb4 30. Bb5 Ra8 31. Kf2 Kd6 32. Ke2 gxh4 33. Kf2 h5 34. g5
Rg8 35. e4 dxe4 36. fxe4 e5 37. Rd1 Ke7 38. Bxd7 Kxd7 39. dxe5+ Ke7 40. Rd4
Rad8 41. Rxb4 Rd7 42. Rh1 Rxg5 43. Rxh4 Rxe5 44. Ke3 Kf6 45. Kf4 Rde7 46. Rh1
Rg5 47. Rb6+ Re6 48. Rxb7 Rg4+ 49. Kf3 Rexe4 50. Rxh5 Rgf4+ 51. Kg3 Rg4+ 52.
Kh3 Rg1 53. Rb6+ Kg7 54. Rf5 Reg4 55. Rf2 Rg5 56. Rb5 Rh1+ 57. Rh2 Rxb5 58.
axb5 Rd1 59. Kg4 Rd4+ 60. Kf5 Rd5+ 61. Ke4 Rxb5 62. Rh3 f5+ 63. Kd4 Kf6 64. Kc4
1/2-1/2

[Event "BL 1112 Hamburger SK - Schachfr. Berlin"]
[Site "Mülheim"]
[Date "2011.10.14"]
[Round "1.2"]
[White "Ghaem Maghami, Ehsan"]
[Black "Antoniewski, Rafal"]
[Result "1/2-1/2"]
[WhiteElo "2583"]
[BlackElo "2585"]
[PlyCount "45"]
[EventDate "2011.10.14"]

1. e4 c6 2. d4 d5 3. exd5 cxd5 4. c4 Nf6 5. Nc3 e6 6. Nf3 Be7 7. cxd5 Nxd5 8.
Bd3 Nc6 9. O-O O-O 10. Re1 Nf6 11. a3 b6 12. Bc2 Ba6 13. Bg5 Rc8 14. Qd2 Nd5
15. Nxd5 Qxd5 16. Be4 Bxg5 17. Nxg5 Qxd4 18. Bxh7+ Kh8 19. Rad1 Qxd2 20. Rxd2
g6 21. Rd7 Ne5 22. Rxa7 Nd3 23. Ra1 1/2-1/2

[Event "BL 1112 Hamburger SK - Schachfr. Berlin"]
[Site "Mülheim"]
[Date "2011.10.14"]
[Round "1.4"]
[White "Ftacnik, Lubomir Dr"]
[Black "Lauber, Arnd"]
[Result "1/2-1/2"]
[WhiteElo "2570"]
[BlackElo "2464"]
[PlyCount "59"]
[EventDate "2011.10.14"]

1. c4 e6 2. Nf3 Nf6 3. g3 d5 4. Bg2 dxc4 5. Ne5 Qd4 6. f4 c6 7. Qc2 b5 8. a4
Nd5 9. axb5 cxb5 10. Nc3 Qc5 11. d4 cxd3 12. Qxd3 Bb7 13. Qxb5+ Qxb5 14. Nxb5
a6 15. Bxd5 Bxd5 16. Nc7+ Ke7 17. O-O Ra7 18. Nxd5+ exd5 19. Rd1 Ke6 20. Ra5 f6
21. Nf3 Rd7 22. Nd4+ Kf7 23. Nb3 Ke6 24. f5+ Kxf5 25. Rdxd5+ Rxd5 26. Rxd5+ Kg6
27. Bf4 Bb4 28. Rd4 a5 29. Bc7 Re8 30. Kf1 1/2-1/2

[Event "BL 1112 Hamburger SK - Schachfr. Berlin"]
[Site "Mülheim"]
[Date "2011.10.14"]
[Round "1.5"]
[White "Schneider, Ilja"]
[Black "Heinemann, Thies"]
[Result "1/2-1/2"]
[WhiteElo "2472"]
[BlackElo "2469"]
[PlyCount "74"]
[EventDate "2011.10.14"]

1. e4 c5 2. c3 g6 3. d4 cxd4 4. cxd4 d5 5. exd5 Nf6 6. Nc3 Nxd5 7. Bc4 Nb6 8.
Bb3 Bg7 9. d5 N8d7 10. Be3 Nf6 11. Nf3 O-O 12. O-O Bf5 13. h3 Ne4 14. Nd4 Nd6
15. Re1 Re8 16. Bf4 Bd7 17. Ne4 Nxe4 18. Rxe4 Nc8 19. Qe2 Qb6 20. Be3 Qd8 21.
Bf4 Qb6 22. Nf3 Bb5 23. Qe1 a5 24. d6 Nxd6 25. Rxe7 Rxe7 26. Qxe7 Bf8 27. Qf6
Nc4 28. Qxb6 Nxb6 29. Ne5 Be8 30. Be3 Nd7 31. Nxd7 Bxd7 32. Rd1 Bc6 33. Bd5 a4
34. Bxc6 bxc6 35. Rc1 Bg7 36. b3 axb3 37. axb3 Ra1 1/2-1/2

[Event "BL 1112 Hamburger SK - Schachfr. Berlin"]
[Site "Mülheim"]
[Date "2011.10.14"]
[Round "1.6"]
[White "Reeh, Oliver"]
[Black "Polzin, Rainer"]
[Result "1/2-1/2"]
[WhiteElo "2453"]
[BlackElo "2469"]
[PlyCount "62"]
[EventDate "2011.10.14"]

1. e4 c5 2. Nf3 d6 3. d4 cxd4 4. Nxd4 Nf6 5. Nc3 g6 6. Be3 Bg7 7. Be2 O-O 8.
Qd2 Nc6 9. O-O-O d5 10. exd5 Nxd5 11. Nxc6 bxc6 12. Nxd5 cxd5 13. Qxd5 Qc7 14.
Qxa8 Bf5 15. Qxf8+ Kxf8 16. Bd3 Be6 17. Kb1 h5 18. Bc1 Bf6 19. f3 Qa5 20. c4
Qc7 21. Rd2 Bxc4 22. Bxc4 Qxc4 23. Rhd1 h4 24. h3 a5 25. b3 Qb4 26. Bb2 Bxb2
27. Rxb2 a4 28. bxa4 Qxa4 29. Re1 e6 30. Rbe2 Qb4+ 31. Kc2 Qa4+ 1/2-1/2

[Event "BL 1112 Hamburger SK - Schachfr. Berlin"]
[Site "Mülheim"]
[Date "2011.10.14"]
[Round "1.7"]
[White "Thiede, Lars"]
[Black "Sebastian, Dirk"]
[Result "1/2-1/2"]
[WhiteElo "2458"]
[BlackElo "2446"]
[PlyCount "65"]
[EventDate "2011.10.14"]

1. Nf3 g6 2. c4 Bg7 3. g3 d6 4. Bg2 e5 5. Nc3 Nc6 6. O-O f5 7. d3 Nf6 8. Rb1
O-O 9. b4 h6 10. b5 Ne7 11. Qb3 Be6 12. Ba3 g5 13. Nd2 Rb8 14. Bb4 Nd7 15. Qa3
Nc8 16. Nb3 b6 17. Nd5 Nc5 18. Bc3 f4 19. Nxc5 dxc5 20. Qb2 Qd6 21. a4 Rf7 22.
Be4 Ne7 23. Nxe7+ Rxe7 24. Ra1 Rf8 25. Ra3 Bh3 26. Rfa1 Qf6 27. f3 fxg3 28.
hxg3 Bf5 29. Bd5+ Be6 30. Be4 Bf5 31. Bd5+ Be6 32. Bb7 Bc8 33. Be4 1/2-1/2

[Event "BL 1112 Hamburger SK - Schachfr. Berlin"]
[Site "Mülheim"]
[Date "2011.10.14"]
[Round "1.8"]
[White "Meissner, Felix"]
[Black "Abel, Dennes"]
[Result "1/2-1/2"]
[WhiteElo "2291"]
[BlackElo "2427"]
[PlyCount "93"]
[EventDate "2011.10.14"]

1. e4 c6 2. d4 d5 3. Nc3 dxe4 4. Nxe4 Bf5 5. Ng3 Bg6 6. h4 h6 7. Bc4 e6 8. N1e2
Nf6 9. Nf4 Bh7 10. c3 Bd6 11. Qf3 O-O 12. O-O Nbd7 13. Re1 Nd5 14. Ngh5 Nxf4
15. Bxf4 Bxf4 16. Qxf4 Bg6 17. Ng3 Nb6 18. Bb3 a5 19. h5 Bh7 20. Ne4 a4 21. Bd1
Nd5 22. Qg3 Qb6 23. b4 axb3 24. Bxb3 Kh8 25. Nc5 Rad8 26. a4 Qa7 27. a5 b6 28.
axb6 Qxb6 29. Ra6 Qb5 30. Ra7 Nf6 31. Rb7 Qa5 32. Nxe6 Nxh5 33. Qe5 Qxe5 34.
Rxe5 fxe6 35. Rxh5 Bf5 36. f3 Rb8 37. Rxb8 Rxb8 38. Ba4 Rb1+ 39. Kh2 Kh7 40. g4
g6 41. Rh3 Rb2+ 42. Kg3 Bd3 43. Rh2 Rb6 44. Kf4 Kg7 45. Ke5 Bc4 46. f4 Ra6 47.
Bd1 1/2-1/2

[Event "BL 1112 Werder Bremen - Turm Emsdetten"]
[Site "Mülheim"]
[Date "2011.10.14"]
[Round "1.3"]
[White "Ipatov, Alexander"]
[Black "Nyback, Tomi"]
[Result "1/2-1/2"]
[WhiteElo "2591"]
[BlackElo "2627"]
[PlyCount "106"]
[EventDate "2011.10.14"]

1. d4 Nf6 2. c4 g6 3. Nc3 d5 4. Nf3 Bg7 5. Bg5 Ne4 6. Bh4 Nxc3 7. bxc3 dxc4 8.
Qa4+ Qd7 9. Qxc4 b6 10. e3 Ba6 11. Qb3 Bxf1 12. Kxf1 O-O 13. Ke2 Nc6 14. Rhd1
Na5 15. Qb4 Rfe8 16. Rac1 Rac8 17. Kf1 Qd5 18. c4 Qe4 19. Qb5 e5 20. dxe5 Bxe5
21. Rd7 Bd6 22. Qd5 Qxd5 23. cxd5 h6 24. Bg3 Bxg3 25. hxg3 c6 26. Rxa7 cxd5 27.
Rd1 Nc4 28. Kg1 Ra8 29. Rb7 Red8 30. Rc7 b5 31. Rc5 b4 32. Rb5 Nb2 33. Rd2 Nc4
34. Rd1 Nb2 35. Rd4 Rxa2 36. Rbxb4 Rc8 37. g4 Rc1+ 38. Kh2 Nd1 39. Rxd5 Rxf2
40. Rb8+ Kg7 41. Re8 Rcc2 42. Kh3 Nb2 43. Rd7 Rc6 44. Kg3 Rf1 45. Ree7 Rf6 46.
e4 g5 47. e5 Rf4 48. Nd4 Nc4 49. Ne6+ Kg6 50. Nf8+ Kg7 51. Ne6+ Kg6 52. Nf8+
Kg7 53. Ne6+ Kg6 1/2-1/2

[Event "BL 1112 Werder Bremen - Turm Emsdetten"]
[Site "Mülheim"]
[Date "2011.10.14"]
[Round "1.4"]
[White "Hammer, Jon Ludwig"]
[Black "Swiercz, Dariusz"]
[Result "1-0"]
[WhiteElo "2601"]
[BlackElo "2585"]
[PlyCount "77"]
[EventDate "2011.10.14"]

1. d4 Nf6 2. c4 g6 3. Nc3 d5 4. Bf4 Bg7 5. e3 O-O 6. Nf3 c5 7. dxc5 Ne4 8. Rc1
Nd7 9. cxd5 Nxc3 10. bxc3 Nxc5 11. Be5 Bxe5 12. Nxe5 Bf5 13. Bc4 Qc7 14. Qd4
Rad8 15. O-O Rd6 16. Ng4 Bxg4 17. Qxg4 Rc8 18. Rc2 a6 19. Rfc1 b5 20. Be2 f5
21. Qf4 Qb7 22. h4 Ne4 23. c4 bxc4 24. Bxc4 Nf6 25. Bb3 Rxc2 26. Rxc2 Qb6 27.
Qe5 Kf7 28. Qc3 Qb8 29. f3 Qb5 30. Qd4 Qa5 31. Kf2 h5 32. Rc1 Qd8 33. Ke2 Qb8
34. e4 fxe4 35. fxe4 e5 36. Qxe5 Qb5+ 37. Bc4 Qc5 38. Kd3 Ng4 39. Rf1+ 1-0

[Event "BL 1112 Werder Bremen - Turm Emsdetten"]
[Site "Mülheim"]
[Date "2011.10.14"]
[Round "1.5"]
[White "Grandelius, Nils"]
[Black "Hracek, Zbynek"]
[Result "0-1"]
[WhiteElo "2536"]
[BlackElo "2624"]
[PlyCount "86"]
[EventDate "2011.10.14"]

1. d4 Nf6 2. c4 e6 3. Nf3 Bb4+ 4. Bd2 a5 5. g3 d6 6. Bg2 Nbd7 7. O-O e5 8. Nc3
O-O 9. Qc2 Re8 10. Rad1 Bxc3 11. Bxc3 e4 12. Ng5 Qe7 13. Qc1 h6 14. Nh3 d5 15.
b3 c6 16. f3 b5 17. Nf2 e3 18. Nd3 dxc4 19. bxc4 bxc4 20. Ne5 Nd5 21. f4 N7b6
22. f5 f6 23. Nxc6 Qd6 24. Nxa5 Ba6 25. Qc2 Qa3 26. Be1 Rac8 27. Rb1 c3 28. Nb3
Qa4 29. a3 Red8 30. Bf3 Kh7 31. Qc1 c2 32. Rb2 Nc4 33. Nc5 Rxc5 34. dxc5 Nxb2
35. Qxb2 Qc4 36. Ba5 Rc8 37. Bb4 Nxb4 38. axb4 Rd8 39. Rc1 Rd1+ 40. Kg2 Rd2 41.
c6 Rxe2+ 42. Bxe2 Qxe2+ 43. Kh3 Bd3 0-1

[Event "BL 1112 Werder Bremen - Turm Emsdetten"]
[Site "Mülheim"]
[Date "2011.10.14"]
[Round "1.6"]
[White "Edouard, Romain"]
[Black "Hector, Jonny"]
[Result "1-0"]
[WhiteElo "2608"]
[BlackElo "2575"]
[PlyCount "129"]
[EventDate "2011.10.14"]

1. d4 d5 2. c4 c6 3. Nf3 Nf6 4. Nc3 dxc4 5. a4 Bf5 6. Ne5 Nbd7 7. Nxc4 Qc7 8.
g3 e5 9. dxe5 Nxe5 10. Bf4 Nfd7 11. Bg2 Be7 12. Nxe5 Nxe5 13. O-O f6 14. a5 a6
15. Qb3 Bg6 16. Be4 Bf7 17. Qc2 Bd6 18. Rfd1 g6 19. Bg2 O-O 20. Ne4 Be7 21. Qc3
Rfd8 22. g4 h6 23. h4 Rxd1+ 24. Rxd1 Rd8 25. Ra1 Rd5 26. g5 hxg5 27. hxg5 fxg5
28. Bh2 Rb5 29. Qd4 Rd5 30. Qc3 Rb5 31. Qg3 g4 32. Nc3 Rc5 33. Ne4 Rb5 34. Kh1
Qd8 35. Nc3 Bh4 36. Qf4 Rc5 37. Ne4 Rd5 38. Nc3 Rc5 39. Qe3 Nd7 40. Rd1 Rf5 41.
Qd4 Be8 42. Qxg4 Bxf2 43. Ne4 Ba7 44. Nd6 Ne5 45. Qa4 Rh5 46. Qb3+ Kh7 47. Bh3
Bd7 48. Ne4 Qh4 49. Rxd7+ Kh6 50. Qb4 Nxd7 51. Qd2+ Be3 52. Qxe3+ g5 53. Kg2
Nf8 54. Nf6 Qxh3+ 55. Qxh3 Rxh3 56. Kxh3 Kg6 57. Ne4 Ne6 58. Nd6 Nd4 59. e4 Nb3
60. Nxb7 Kf6 61. Bd6 Ke6 62. Nc5+ Kxd6 63. Nxb3 Ke5 64. Nc5 Kf4 65. Kg2 1-0

[Event "BL 1112 Werder Bremen - Turm Emsdetten"]
[Site "Mülheim"]
[Date "2011.10.14"]
[Round "1.7"]
[White "Janssen, Ruud"]
[Black "Babula, Vlastimil"]
[Result "1/2-1/2"]
[WhiteElo "2498"]
[BlackElo "2572"]
[PlyCount "61"]
[EventDate "2011.10.14"]

1. c4 Nf6 2. Nc3 c5 3. g3 d5 4. cxd5 Nxd5 5. Bg2 Nc7 6. a3 Nc6 7. Nf3 g6 8. O-O
Bg7 9. d3 O-O 10. Bd2 Bd7 11. Rb1 a5 12. Ne4 b6 13. Bc3 e5 14. b4 cxb4 15. axb4
axb4 16. Bxb4 Nxb4 17. Rxb4 Nd5 18. Rb1 h6 19. Qd2 Be6 20. d4 f5 21. Nc3 Nxc3
22. Qxc3 exd4 23. Qb4 Ra2 24. Rfd1 Rxe2 25. Nxd4 Bxd4 26. Rxd4 Qc7 27. Bf3 Re5
28. Qxb6 Qxb6 29. Rxb6 Rf7 30. Bd1 Re7 31. Rxe6 1/2-1/2

[Event "BL 1112 Werder Bremen - Turm Emsdetten"]
[Site "Mülheim"]
[Date "2011.10.14"]
[Round "1.8"]
[White "Skripchenko, Almira"]
[Black "Pruijssers, Roeland"]
[Result "1/2-1/2"]
[WhiteElo "2470"]
[BlackElo "2475"]
[PlyCount "93"]
[EventDate "2011.10.14"]

1. e4 e5 2. Bc4 Nf6 3. d3 Nc6 4. Nf3 Bc5 5. c3 d6 6. h3 a6 7. Bb3 Ba7 8. O-O
O-O 9. Re1 h6 10. Nbd2 Nh5 11. Nf1 Qf6 12. Be3 Nf4 13. Ng3 g5 14. Nh2 Qg6 15.
d4 Qg7 16. dxe5 Nxe5 17. Bxa7 Rxa7 18. Re3 Ra8 19. Nf3 Qf6 20. Nh5 Qg6 21. Ng3
Qf6 22. Nh5 Qg6 23. Ng3 Be6 24. Nd4 Rad8 25. Ngf5 Qf6 26. g3 Nxh3+ 27. Kg2 c5
28. Kxh3 cxd4 29. cxd4 g4+ 30. Kg2 Bxf5 31. exf5 Nf3 32. Bd5 Qxf5 33. Bxf3
gxf3+ 34. Rxf3 Qe4 35. Kg1 Rfe8 36. Qb3 d5 37. Rf4 Qg6 38. Qxb7 Re4 39. Rxe4
dxe4 40. Re1 Rxd4 41. Qb8+ Kg7 42. Qe5+ Qf6 43. Rxe4 Rxe4 44. Qxe4 Qxb2 45.
Qg4+ Kh7 46. Qc4 Qf6 47. Kg2 1/2-1/2

[Event "BL 1112 Solinger SG - SC Remagen"]
[Site "Mülheim"]
[Date "2011.10.14"]
[Round "1.1"]
[White "Gharamian, Tigran"]
[Black "Ragger, Markus"]
[Result "1/2-1/2"]
[WhiteElo "2676"]
[BlackElo "2655"]
[PlyCount "45"]
[EventDate "2011.10.14"]

1. e4 c6 2. d4 d5 3. e5 Bf5 4. Nf3 e6 5. Be2 c5 6. Be3 cxd4 7. Nxd4 Ne7 8. Nd2
Nbc6 9. N2f3 Be4 10. O-O Ng6 11. Bb5 Bxf3 12. Qxf3 Qd7 13. Qh5 a6 14. Bxc6 bxc6
15. f4 c5 16. Nf3 d4 17. Bd2 Ne7 18. Ng5 g6 19. Qh3 Qd5 20. Rfe1 Qc6 21. c4
dxc3 22. Bxc3 Nd5 23. Ne4 1/2-1/2

[Event "BL 1112 Solinger SG - SC Remagen"]
[Site "Mülheim"]
[Date "2011.10.14"]
[Round "1.2"]
[White "Sandipan, Chanda"]
[Black "Fedorchuk, Sergey"]
[Result "1/2-1/2"]
[WhiteElo "2640"]
[BlackElo "2635"]
[PlyCount "140"]
[EventDate "2011.10.14"]

1. Nf3 Nf6 2. c4 e6 3. g3 a6 4. Bg2 b5 5. b3 Bb7 6. O-O d6 7. d4 Nbd7 8. Nc3 b4
9. Na4 Be7 10. Ne1 Bxg2 11. Nxg2 c5 12. d5 exd5 13. cxd5 O-O 14. Ne3 Ne4 15.
Qc2 Bf6 16. Bb2 Re8 17. Bxf6 Qxf6 18. Nc4 Qg6 19. Kg2 Ne5 20. Nab6 Nxc4 21.
Nxc4 Nc3 22. Qxg6 hxg6 23. e3 Red8 24. a3 Nxd5 25. Rfd1 Nc3 26. Rxd6 Rxd6 27.
Nxd6 Nb5 28. Nc4 bxa3 29. Nxa3 Rb8 30. Nxb5 Rxb5 31. Rxa6 Rxb3 32. Rc6 Rc3 33.
Rc8+ Kh7 34. h4 f5 35. Kf3 Rc2 36. Rf8 Rc4 37. Ke2 Rc2+ 38. Ke1 Ra2 39. Rc8 Rc2
40. Rd8 Rc1+ 41. Ke2 Rc2+ 42. Rd2 Rc3 43. Ra2 Kh6 44. Kd2 Rc4 45. Ra6 Rb4 46.
Rc6 Rb2+ 47. Ke1 Rc2 48. Rc7 Rc1+ 49. Kd2 Rf1 50. Ke2 Rc1 51. Kf3 Rc4 52. Re7
Rc2 53. Re5 Rc4 54. Rd5 Rc2 55. g4 fxg4+ 56. Kg3 c4 57. Rg5 Rc1 58. Kg2 c3 59.
Rxg4 c2 60. Rc4 g5 61. hxg5+ Kxg5 62. Kf3 Kf5 63. Rc5+ Ke6 64. Ke4 g5 65. Rc3
g4 66. Rc6+ Kd7 67. Rc4 Ke6 68. Kd3 g3 69. fxg3 Rg1 70. Rxc2 Ke5 1/2-1/2

[Event "BL 1112 Solinger SG - SC Remagen"]
[Site "Mülheim"]
[Date "2011.10.14"]
[Round "1.3"]
[White "Jones, Gawain C B"]
[Black "Smeets, Jan"]
[Result "1/2-1/2"]
[WhiteElo "2624"]
[BlackElo "2619"]
[PlyCount "94"]
[EventDate "2011.10.14"]

1. e4 e5 2. Nf3 Nc6 3. d4 exd4 4. Bc4 Bc5 5. c3 Nf6 6. cxd4 Bb4+ 7. Bd2 Bxd2+
8. Nbxd2 d5 9. exd5 Nxd5 10. O-O O-O 11. Rc1 Nb6 12. Bb3 Bg4 13. h3 Bh5 14. Rc5
Bg6 15. Qc1 a5 16. Qc3 a4 17. Bc4 Ne7 18. Ne5 c6 19. Nxg6 hxg6 20. Re5 Ned5 21.
Bxd5 Nxd5 22. Qc4 Qb6 23. Rb1 Qb4 24. Qxb4 Nxb4 25. a3 Nd5 26. Rbe1 Rfd8 27. g3
Kf8 28. Nc4 Rd7 29. R5e4 Rad8 30. Ne5 Rd6 31. Nc4 R6d7 32. Ne5 Re7 33. Kf1 Rd6
34. Nc4 Rdd7 35. Ne5 Rd6 36. Nc4 Rxe4 37. Nxd6 Rxe1+ 38. Kxe1 b5 39. Ne4 Ke7
40. h4 Nb6 41. Kd2 f6 42. Kc2 Ke6 43. Nc3 Kf5 44. f3 Nc4 45. Ne2 Ne3+ 46. Kd2
Nd5 47. Nc3 Nxc3 1/2-1/2

[Event "BL 1112 Solinger SG - SC Remagen"]
[Site "Mülheim"]
[Date "2011.10.14"]
[Round "1.4"]
[White "Stellwagen, Daniel"]
[Black "Goloshchapov, Alexander"]
[Result "1/2-1/2"]
[WhiteElo "2625"]
[BlackElo "2580"]
[PlyCount "43"]
[EventDate "2011.10.14"]

1. e4 e6 2. d4 d5 3. Nc3 dxe4 4. Nxe4 Nd7 5. Nf3 Ngf6 6. Bd3 c5 7. O-O Nxe4 8.
Bxe4 Nf6 9. Bg5 Be7 10. Qe2 Nxe4 11. Bxe7 Qxe7 12. Qxe4 cxd4 13. Rad1 O-O 14.
Nxd4 Qb4 15. b3 Bd7 16. c4 Rfd8 17. Rd3 Be8 18. Rfd1 Qb6 19. h4 Rd7 20. Nf3
Rxd3 21. Rxd3 f6 22. c5 1/2-1/2

[Event "BL 1112 Solinger SG - SC Remagen"]
[Site "Mülheim"]
[Date "2011.10.14"]
[Round "1.5"]
[White "Dgebuadze, Alexandre"]
[Black "L'Ami, Erwin"]
[Result "1/2-1/2"]
[WhiteElo "2544"]
[BlackElo "2592"]
[PlyCount "45"]
[EventDate "2011.10.14"]

1. e4 c6 2. d4 d5 3. Nd2 dxe4 4. Nxe4 Bf5 5. Ng3 Bg6 6. h4 h6 7. Nf3 Nd7 8. h5
Bh7 9. Bd3 Bxd3 10. Qxd3 e6 11. Bd2 Ngf6 12. O-O-O Be7 13. Ne4 Nxe4 14. Qxe4
Nf6 15. Qe2 Qd5 16. c4 Qe4 17. Qxe4 Nxe4 18. Be3 f5 19. Nd2 Nxd2 20. Kxd2 Kf7
21. Ke2 Rhd8 22. Rd3 Rd7 23. Rhd1 1/2-1/2